000 00703nam a2200253Ia 4500
003 OSt
005 20260518150550.0
008 211109s9999||||xx |||||||||||||| ||und||
040 _cSBCL
082 _a894.8123
_bBAK-A
100 _aBakim Chandra Chatterji,
245 0 _aAnandamadom
260 _bJanatha Press
_aErnakulam
_c1953
300 _a260P.
630 _xLiterature
650 _aLiteratures of other languages
650 _aAltaic, Uralic, Hyperborean & Dravidian
650 _aDravidian literature
650 _aSouth Dravidian languages 
650 _aMalayalam 
650 _aMalayalam fiction
650 _vHistory, description & criticism
_xGeneralia
942 _cBOOK
999 _c19916
_d19916